000 00277nam a2200109Ia 4500
008 220204s9999 xx 000 0 und d
082 _a053
_bSRI
100 _aSrinivasan, M R
245 0 _aPhysics for engineers
260 _aNew Delhi
_bNew Age International
_c2006
942 _cBK
999 _c42641
_d42641